Governments and politics of the contemporary Middle East : (Record no. 23108)
[ view plain ]
| 000 -LEADER | |
|---|---|
| fixed length control field | 00935nam a22002775a 4500 |
| 005 - DATE AND TIME OF LATEST TRANSACTION | |
| control field | 20171010132332.0 |
| 008 - FIXED-LENGTH DATA ELEMENTS--GENERAL INFORMATION | |
| fixed length control field | 161114t2016 nyu frb 001 0 eng d |
| 020 ## - INTERNATIONAL STANDARD BOOK NUMBER | |
| International Standard Book Number | 9781138786523 |
| 040 ## - CATALOGING SOURCE | |
| Original cataloging agency | EG-ScBUE |
| Language of cataloging | eng |
| Transcribing agency | EG-ScBUE |
| Modifying agency | EG-ScBUE |
| 043 ## - GEOGRAPHIC AREA CODE | |
| Geographic area code | aw----- |
| 082 04 - DEWEY DECIMAL CLASSIFICATION NUMBER | |
| Classification number | 320.956 |
| Item number | ISM |
| Edition number | 22 |
| 100 1# - MAIN ENTRY--PERSONAL NAME | |
| Personal name | Ismael, Tareq Y. |
| 245 10 - TITLE STATEMENT | |
| Title | Governments and politics of the contemporary Middle East : |
| Remainder of title | Continuity and change / |
| Statement of responsibility, etc | Tareq Y. Ismael, Jacqueline S. Ismael, Glenn E. Perry. |
| 250 ## - EDITION STATEMENT | |
| Edition statement | 2nd ed. |
| 260 ## - PUBLICATION, DISTRIBUTION, ETC. (IMPRINT) | |
| Place of publication, distribution, etc | New York : |
| Name of publisher, distributor, etc | Routledge, |
| Date of publication, distribution, etc | c.2016. |
| 300 ## - PHYSICAL DESCRIPTION | |
| Extent | xvi, 599 p. ; |
| Dimensions | 24 cm. |
| 500 ## - GENERAL NOTE | |
| General note | Index : p. 586-599.<br/> |
| 504 ## - BIBLIOGRAPHY, ETC. NOTE | |
| Bibliography, etc | Includes bibliographical references. |
| 650 ## - SUBJECT ADDED ENTRY--TOPICAL TERM | |
| Source of heading or term | BUEsh |
| 651 #7 - SUBJECT ADDED ENTRY--GEOGRAPHIC NAME | |
| Geographic name | Middle East |
| General subdivision | Politics and government. |
| Source of heading or term | BUEsh |
| 653 ## - INDEX TERM--UNCONTROLLED | |
| Resource For college | BAEPS, Political Science |
| Arrived date list | November2016 |
| -- | October2017 |
| 655 ## - INDEX TERM--GENRE/FORM | |
| Form subdivision | Text book |
| -- | 33728 |
| 700 1# - ADDED ENTRY--PERSONAL NAME | |
| Personal name | Ismael, Jacqueline S. |
| 9 (RLIN) | 22602 |
| 700 1# - ADDED ENTRY--PERSONAL NAME | |
| Personal name | Perry, Glenn E. |
| 9 (RLIN) | 22603 |
| 942 ## - ADDED ENTRY ELEMENTS (KOHA) | |
| Source of classification or shelving scheme | Dewey Decimal Classification |
| Withdrawn status | Item status | Source of classification or shelving scheme | Damaged status | Not for loan | Vendor | Home library | Current library | Shelving location | Date acquired | Source of acquisition | Cost, normal purchase price | Serial Enumeration / chronology | Total Checkouts | Total Renewals | Full call number | Barcode | Date last seen | Date last borrowed | Cost, replacement price | Koha item type | Checked out |
|---|---|---|---|---|---|---|---|---|---|---|---|---|---|---|---|---|---|---|---|---|---|
| Dewey Decimal Classification | Alahram | Central Library | Central Library | First floor | 14/11/2016 | Purchase | 381.00 | 114 | 5 | 16 | 320.956 ISM | 000045085 | 15/07/2025 | 27/10/2021 | 476.25 | Book - Borrowing | |||||
| Dewey Decimal Classification | Baccah | Central Library | Central Library | 10/10/2017 | Purchase | 700.00 | 320.956 ISM | 000042083 | 15/07/2025 | NB - Book (Non borrowing) | |||||||||||
| Dewey Decimal Classification | Baccah | Central Library | Central Library | 10/10/2017 | Purchase | 320.956 ISM | 000042084 | 15/07/2025 | NB - Book (Non borrowing) | ||||||||||||
| Dewey Decimal Classification | Baccah | Central Library | Central Library | 10/10/2017 | Purchase | 5 | 25 | 320.956 ISM | 000042085 | 12/01/2026 | 12/01/2026 | Book - Borrowing | 11/02/2026 | ||||||||
| Dewey Decimal Classification | Baccah | Central Library | Central Library | 10/10/2017 | Purchase | 6 | 13 | 320.956 ISM | 000042086 | 15/07/2025 | 26/11/2023 | Book - Borrowing |